Statistiques concernant Noms de chapitres Harry Potter et le prisonnier d'Azkaban

Cliquez ici pour prendre le quiz!

Statistiques générales

  • Ce quiz a été pris 9 fois
  • Le résultat moyen est 13 sur 22

Statistiques - réponses

HintRéponse% Correct
Chapitre 3Le Magicobus
100%
Chapitre 6Coups de griffes et feuilles de thé
88%
Chapitre 2La grosse erreur de la tante Marge
88%
Chapitre 12Le Patronus
88%
Chapitre 18Lunard, Queudver, Patmol et Cornedrue
88%
Chapitre 14La rancune de Rogue
75%
Chapitre 4Le Chaudron baveur
75%
Chapitre 5Le Détraqueur
75%
Chapitre 22Encore du courrier
63%
Chapitre 1Hibou express
63%
Chapitre 10La carte du Maraudeur
63%
Chapitre 21Le secret d'Hermione
63%
Chapitre 7Un épouvantard dans la penderie
63%
Chapitre 9Sinistre défaite
50%
Chapitre 17Chat, rat et chien
38%
Chapitre 13Gryffondor contre Serdaigle
38%
Chapitre 15La finale de Quidditch
38%
Chapitre 8La fuite de la grosse dame
38%
Chapitre 16La prédiction du professeur Trelawney
38%
Chapitre 20Le baiser du Détraqueur
38%
Chapitre 11L'Eclair de feu
38%
Chapitre 19Le serviteur de Voldemort
25%

Distribution des résultats

Percentile par nombre de réponses

% des personnes avec chaque résultat

Votre développement - résultats

Vous n’avez pas pris ce quiz